20 Countries With the Highest Rate of Cancer - Statistics

General Stats
  • This quiz has been taken 1,379 times
    1,323 since last reset
  • The average score is 11 of 20
Answer Stats
Answer % Correct
7 USA
98%
9 Canada
85%
6 France
84%
16 Germany
82%
18 Italy
77%
3 Australia
69%
8 Norway
62%
12 The Netherlands
59%
2 Ireland
58%
5 Belgium
56%
1 Denmark
56%
4 New Zealand
55%
19 Switzerland
50%
15 Iceland
39%
10 Czech Republic
34%
14 Hungary
33%
13 Luxembourg
31%
20 Slovenia
26%
11 Israel
20%
17 Uruguay
4%
No matching quizzes found
Score Distribution
Percent of People with Each Score
Percentile by Number Answered
Your Score History
You have not taken this quiz since the last reset